| 000 | 01042nam a2200301 a 4500 | ||
|---|---|---|---|
| 001 | 37049 | ||
| 003 | BD-RjUL | ||
| 005 | 20211209052555.0 | ||
| 008 | 141012s1977 enkaf b 001 0 eng | ||
| 020 |
_a0080205275. _a0080205267 |
||
| 035 | _a(BD-RjUL)37151 | ||
| 040 |
_aDLC _cDLC _dDLC _dBD-RjUL _beng |
||
| 041 | _aeng | ||
| 082 | 0 | 0 |
_a309.2630941 _bDAP 1977 |
| 100 | 1 |
_aDavidson, Joan. _9113263 |
|
| 245 | 1 | 0 |
_aPlanning and the rural environment / _cby Joan Davidson and Gerald Wibberley. |
| 250 | _a1st ed. | ||
| 260 |
_aOxford ; _aNew York : _bPergamon Press, _c1977. |
||
| 300 |
_axii, 227 p., [9] leaves of plates : _bill. (1 fold.) ; _c25 cm. |
||
| 504 | _aIncludes bibliographical references and index. | ||
| 650 | 0 |
_aRegional planning _zGreat Britain. _9113265 |
|
| 650 | 0 |
_aLand use, Rural _zGreat Britain _xPlanning. _9113266 |
|
| 700 | 1 |
_aWibberley, G. P., _ejoint author. _9113267 |
|
| 942 |
_2ddc _cBK |
||
| 999 |
_c37049 _d37049 |
||